Представление документа в формате RUSMARC

ПолеНазваниеЗначение
  Тип записи a
  Библиографический уровень m
001 Контрольный номер RU/REG73/CBS_GRAD/956efc8b79974266ba86c294542e8c05
005 Дата корректировки 20250814114405.2
010 Индекс ISBN __
a ISBN 978-5-00214-827-1
b Уточнения в пер.
9 Тираж 4500 экз.
100 Данные общей обработки __
a Данные общей обработки 20250814d2024 c y0rusy0189## ca
101 Язык документа 0_
a Язык текста rus
102 Страна публикации __
a Страна публикации RU
105 Кодированные данные (монография) __
a Кодированные данные (монография) y z 000yy
200 Заглавие и сведения об ответственности 1_
a Заглавие Новогодние волшебники
b Общее обозначение материала Текст
e Сведения, относящиеся к заглавию Детская энциклопедия
f Первые сведения об ответственности Татьяна Попова
g Последующие сведения об ответственности иллюстрации Е. Захаровой
203 Вид содержания и тип средства __
a Вид содержания Текст
b Характеристика содержания визуальный
c Тип средства непосредственный
210 Выходные данные 1_
a Место издания Москва
c Издательство МИФ
d Дата издания 2024
215 Физическое описание __
a Объем 80 с.
c Иллюстрации/тип воспроизводства ил.
d Формат 26 с.
225 Серия 0_
a Серия Чевостик
327 Примечание о содержании 01
a Примечание о содержании Содерж.: знакомство с новогодними и рождественскими волшебниками разных стран и народов
333 Примечание о целевом назначении __
a Примечание о целевом назначении 6+
606 Тематические рубрики 0_
x Основная подрубрика Народные праздники и обычаи
610 Ключевые слова 0_
a Ключевые слова новогодние традиции; рождественские волшебники; Санта-Клаус; Дед Мороз
686 Индексы других классификаций __
a Классификационный индекс 63.5
2 Код системы rubbk
700 Автор _1
a Фамилия Попова
b Имя (инициалы) Т.
g Полное личное имя Татьяна
702 Вторичная интеллектуальная ответственность _1
a Фамилия Захарова
b Имя (инициалы) Е.
4 Код отношения 440
702 Вторичная интеллектуальная ответственность _1
a Фамилия Сахабеева
b Имя (инициалы) К.
g Полное личное имя Камилла
4 Код отношения 340
801 Источник записи _0
a Страна RU
b Организация RuCBSGrad
c Дата составления 20250814
g Правила каталогизации RCR
801 Источник записи _1
a Страна RU
b Организация RuCBSGrad
c Дата составления 20250814
g Правила каталогизации RCR
852 Данные о местонахождении __
a Наименование организации МБУК "ЦБС г.Димитровграда"
i Авторский знак П 58
901 Тип документа __
t Тип документа m
909 Создатель записи __
b Дата создания записи 20250814
a Создатель записи Гонюкова